00500nam a2200205Ia 4500008004100000020001900041100001600060245003100076245001600107260001500123260002000138260000900158300002300167300001100190440003400201440001200235650002100247650001800268700000800286160803s9999 xx 000 0 und d a978-0545158879 aStine, R.L  2aA night in terror tower /  cR.L. Stine. aNew York : bScholastic Inc. c2009 a129, [17] pages ;  c20 cm. aGoosebumps original series ;  vvol. 27 aFantasy fiction. aHorror tales. a510